It's all in the timing (Record no. 67534)

MARC details
000 -LEADER
fixed length control field 01170cam a2200241 4500
001 - CONTROL NUMBER
control field X113359
008 - FIXED-LENGTH DATA ELEMENTS--GENERAL INFORMATION
fixed length control field 000000n2001 000 0 eng u
035 ## - SYSTEM CONTROL NUMBER
System control number (Sirsi) u113359
100 ## - MAIN ENTRY--PERSONAL NAME
Personal name Helps, D.
245 ## - TITLE STATEMENT
Title It's all in the timing
260 ## - PUBLICATION, DISTRIBUTION, ETC.
Date of publication, distribution, etc. 2001
490 ## - SERIES STATEMENT
Series statement Building
Volume/sequential designation 266(8190) 22 June 2001, 51(1)
520 ## - SUMMARY, ETC.
Summary, etc. Discusses the definition of concurrent delays given by the courts in "Henry Boot Construction (UK) v Malmaison Hotel (Manchester)" and "Royal Brompton Hospital NHS Trust v FA Hammond and others" arguing that it was not clear in the latter ruling whether only delays that occur at exactly the same time are concurrent, what happens when two critical delays overlap but do not meet this definition, and how the court would distinguish between critical and a non-critical delay.
650 ## - SUBJECT ADDED ENTRY--TOPICAL TERM
Topical term or geographic name entry element CONCURRENT DELAYS
650 ## - SUBJECT ADDED ENTRY--TOPICAL TERM
Topical term or geographic name entry element CRITICAL DELAYS
650 ## - SUBJECT ADDED ENTRY--TOPICAL TERM
Topical term or geographic name entry element DELAYS
650 ## - SUBJECT ADDED ENTRY--TOPICAL TERM
Topical term or geographic name entry element EXTENSIONS OF TIME
650 ## - SUBJECT ADDED ENTRY--TOPICAL TERM
Topical term or geographic name entry element HENRY BOOT CONSTRUCTION (UK) V MALMAISON HOTEL (MANCHESTER)
650 ## - SUBJECT ADDED ENTRY--TOPICAL TERM
Topical term or geographic name entry element NON-CRITICAL DELAYS
650 ## - SUBJECT ADDED ENTRY--TOPICAL TERM
Topical term or geographic name entry element ROYAL BROMPTON HOSPITAL NHS TRUST V HAMMOND AND OTHERS
690 ## - LOCAL SUBJECT ADDED ENTRY--TOPICAL TERM (OCLC, RLIN)
Topical term or geographic name as entry element BUILDING AND CONSTRUCTION-CASE LAW
942 ## - ADDED ENTRY ELEMENTS (KOHA)
Suppress in OPAC 0
Holdings
Withdrawn status Lost status Source of classification or shelving scheme Damaged status Not for loan Home library Current library Shelving location Date acquired Total Checkouts Full call number Barcode Date last seen Copy number Price effective from Koha item type
    Dewey Decimal Classification     London London Journal article 02/07/2001   X113359 113359-1001 06/08/2019 1 06/08/2019 Journal article